MARC details
| 000 -LEADER |
| campo de control de longitud fija |
01951nam a2200361 i 4500 |
| 001 - NÚMERO DE CONTROL |
| campo de control |
196071 |
| 003 - IDENTIFICADOR DE NÚMERO DE CONTROL |
| campo de control |
ES-MaACL |
| 005 - FECHA Y HORA DE LA ÚLTIMA TRANSACCIÓN |
| campo de control |
20250429063013.0 |
| 008 - DATOS DE LONGITUD FIJA--INFORMACIÓN GENERAL |
| campo de control de longitud fija |
240811s2021 sp a | |||| 000 p spa |
| 015 ## - NÚMERO DE BIBLIOGRAFÍA NACIONAL |
| Número de bibliografía nacional |
MON21 |
| 017 ## - NÚMERO DE COPYRIGHT O DE DEPÓSITO LEGAL |
| Número de copyright o de depósito legal |
CR 532-2021 |
| Agencia que asigna |
Oficina Depósito Legal Ciudad Real |
| 020 ## - NÚMERO INTERNACIONAL ESTÁNDAR DEL LIBRO |
| Número Internacional Estándar del Libro |
9788412420128 |
| 035 ## - NÚMERO DE CONTROL DEL SISTEMA |
| Número de control de sistema |
(SpMaBN)a7164973 |
| 035 ## - NÚMERO DE CONTROL DEL SISTEMA |
| Número de control de sistema |
991044752199708606 |
| 040 ## - FUENTE DE CATALOGACIÓN |
| Centro catalogador/agencia de origen |
SpMaBN |
| Lengua de catalogación |
spa |
| Centro/agencia transcriptor |
SpMaBN |
| Normas de descripción |
rda |
| 080 ## - NÚMERO DE LA CLASIFICACIÓN DECIMAL UNIVERSAL |
| Número de la Clasificación Decimal Universal |
821.134.2-14"19" |
| 100 ## - ENTRADA PRINCIPAL--NOMBRE DE PERSONA |
| Nombre de persona |
Villalta Villalta, Isabel, |
| Fechas asociadas al nombre |
1951- |
| 9 (RLIN) |
238085 |
| Término indicativo de función/relación |
Autor |
| 245 10 - MENCIÓN DEL TÍTULO |
| Título |
Ceuta bella / |
| Mención de responsabilidad, etc. |
Isabel Villalta. |
| 264 #1 - PRODUCCIÓN, PUBLICACIÓN, DISTRIBUCIÓN, FABRICACIÓN Y COPYRIGHT |
| Producción, publicación, distribución, fabricación y copyright |
Puertollano : |
| Nombre del de productor, editor, distribuidor, fabricante |
Ediciones C&G, |
| Fecha de producción, publicación, distribución, fabricación o copyright |
[2021]. |
| 300 ## - DESCRIPCIÓN FÍSICA |
| Extensión |
136 páginas : |
| Otras características físicas |
fotografías (color) ; |
| Dimensiones |
24 cm. |
| 336 ## - TIPO DE CONTENIDO |
| Término de tipo de contenido |
Texto |
| -- |
Imagen fija |
| Fuente |
rdacontent |
| 337 ## - TIPO DE MEDIO |
| Nombre/término del tipo de medio |
sin mediación |
| Fuente |
rdamedia |
| 338 ## - TIPO DE SOPORTE |
| Nombre/término del tipo de soporte |
volumen |
| Fuente |
rdacarrier |
| 520 ## - RESUMEN, ETC. |
| Sumario, etc. |
Este libro se gestó tras un viaje realizado por la poetisa a la ciudad de Ceuta, en el que quedó prendada de la Perla del Mediterráneo. La autora de este libro recoge, en clave poética, una bella, dulce, emotiva y cuidada descripción de la ciudad. La lectura del libro, entrelazada con una escogida y abundante selección de fotografías, hace apreciar el resplandor, los encantos y el sentir de la ciudad de las cuatro culturas por medio del encuentro con sus gentes y la visita a los barrios más emblemáticos. En ‘Ceuta bella’, Isabel Villalta ensalza su arquitectura y reflexiona sobre su cultura milenaria, su historia militar o su mitología. |
| 651 #7 - PUNTO DE ACCESO ADICIONAL DE MATERIA--NOMBRE GEOGRÁFICO |
| 9 (RLIN) |
137091 |
| Nombre geográfico |
Ceuta- |
| Subdivisión general |
Descripción |
| 655 #0 - TERMINO DE INDIZACIÓN--GENERO/FORMA |
| Datos o término principal de género/forma |
Poesías líricas |
| Fuente del término |
tgfbne |
| 9 (RLIN) |
236779 |
| 852 ## - LOCALIZACIÓN |
| Ubicación |
ES-MaACL |
| Sublocalización o colección |
R.153538 |
| Ubicación en estantería |
Depósito J |
| Número de control de estantería |
N-9198 |
| Donativo/Legado |
Donación: Isabel Villalta |
| Encuadernación |
Encuadernación rústica con solapas |
| itemnumber |
205103 |
| 903 ## - NOMBRE PERSONAL DE DONANTE |
| 9 |
238085 |
| a |
Villalta Villalta, Isabel, |
| d |
1951- |
| e |
Donante |
| 942 ## - ELEMENTOS DE ENTRADA SECUNDARIOS (KOHA) |
| Tipo de ítem Koha |
Libro impreso |
| Suprimir en OPAC |
No |